000 01053nam a22002657a 4500
999 _c430630
_d430630
001 50500
003 UA-OsUOA
005 20200304123929.0
007 ta
008 20140612b un ||||| |||| 00| 0 ukr d
040 _aUA-OsUOA
_bukr
_cUA-OsUOA
_dUA-OsUOA
041 _aukr
080 _a94(477).152 К.
090 _a94(477).152 К.
_bВ65
100 _aВойценко О.
245 _aЛітопис українського життя в Канаді: у змаганні за нову Канаду, початки офіційної двомовности й багатокультурности 1970-1979
_nт. 8
260 _aЕдмонтон
_bВидавництво Канадського інституту українських студій
_c1992
300 _a594 с.
490 _vт. 8
650 7 _a9 Географія. Біографії. Історія
_2UDC
942 _cBK
_2udc
955 _a1